| 000 | 01651nam2a2200301 4500 | ||
|---|---|---|---|
| 001 | RU\NLR\bibl\974369 | ||
| 005 | 20250614212442.0 | ||
| 021 |
_aRU _b2006-21946п _9820п |
||
| 035 | _a(NLR Aleph) 000962298 | ||
| 090 |
_a347098 _c347098 |
||
| 100 | _a20060811d2004 |||y0rusy50 ca | ||
| 101 | 0 | _arus | |
| 102 | _aRU | ||
| 105 | _ay ||||||||| | ||
| 200 | 1 |
_aОхрана природы _aЭкономика сельского хозяйства _aТехнология эффективных микроорганизмов (ЭМ-технологии) _eбиблиографический указатель |
|
| 210 |
_d2004 _aБ. м. |
||
| 215 | _a28 с. | ||
| 461 | 0 |
_1001RU\NLR\bibl\440086 _12001#$aБиблиографический бюллетень$vВып. 9 _9771330 _aДальневосточная государственная научная библиотека (Хабаровск) _cХабаровск _d2001 _fДальневост. гос. науч. б-ка _nДВГНБ _tБиблиографический бюллетень _vВып. 9 |
|
| 606 | 1 |
_a"Эффективные микроорганизмы", биотехнология _jБиблиография _xПрименение в сельском хозяйстве _92319120 _3RU\NLR\auth\661387507 |
|
| 606 | 1 |
_aСельское хозяйство _jБиблиография _xЭкономика _yРоссийская Федерация _92079346 _3RU\NLR\auth\661255225 |
|
| 686 | _aП058я15 | ||
| 686 | _aУ32(2Р)я1 | ||
| 686 | _aУ28(2)532я1 | ||
| 801 | 0 |
_aRU _bNLR _c20060811 _grcr |
|
| 801 | 1 |
_aRU _bNLR _c20060811 |
|
| 942 | _cBOOK | ||
| 980 | _aNB | ||